<?xml version="1.0" encoding="UTF-8"?>
<record
    xmlns:xsi="http://www.w3.org/2001/XMLSchema-instance"
    xsi:schemaLocation="http://www.loc.gov/MARC21/slim http://www.loc.gov/standards/marcxml/schema/MARC21slim.xsd"
    xmlns="http://www.loc.gov/MARC21/slim">

  <leader>01051nam a22002417a 4500</leader>
  <controlfield tag="005">20250926134648.0</controlfield>
  <datafield tag="020" ind1=" " ind2=" ">
    <subfield code="a">9780324539677</subfield>
    <subfield code="c">TZs 10,000/=</subfield>
  </datafield>
  <datafield tag="040" ind1=" " ind2=" ">
    <subfield code="a">MCCL</subfield>
    <subfield code="b">eng.</subfield>
    <subfield code="e">AACR 2nd rev.ed.</subfield>
  </datafield>
  <datafield tag="082" ind1=" " ind2=" ">
    <subfield code="a">658 SLO</subfield>
  </datafield>
  <datafield tag="100" ind1=" " ind2=" ">
    <subfield code="a">Slocum, John W.</subfield>
  </datafield>
  <datafield tag="245" ind1=" " ind2=" ">
    <subfield code="a"> Competency-based management</subfield>
    <subfield code="c">/ John W. Slocum, Susan E. Jackson, Don Hellriegel</subfield>
  </datafield>
  <datafield tag="260" ind1=" " ind2=" ">
    <subfield code="a">UK:</subfield>
    <subfield code="b">Thomson/South-Western,</subfield>
    <subfield code="c">&#xA9;2008</subfield>
  </datafield>
  <datafield tag="300" ind1=" " ind2=" ">
    <subfield code="a"> xxix, 627 p. :</subfield>
    <subfield code="b">color ill. ;</subfield>
    <subfield code="c">28 cm</subfield>
  </datafield>
  <datafield tag="504" ind1=" " ind2=" ">
    <subfield code="a">Includes bibliographic reference and index</subfield>
  </datafield>
  <datafield tag="520" ind1=" " ind2=" ">
    <subfield code="a">Presenting management principles, this book focuses on six managerial competencies - self-management, strategic action, planning and administration, global awareness, and teamwork. It uses examples which demonstrate how these competencies are used by real managers to address the challenges of managing and leading their organizations.</subfield>
  </datafield>
  <datafield tag="546" ind1=" " ind2=" ">
    <subfield code="a">eng.</subfield>
  </datafield>
  <datafield tag="650" ind1=" " ind2=" ">
    <subfield code="a">Management</subfield>
  </datafield>
  <datafield tag="650" ind1=" " ind2=" ">
    <subfield code="a">marketing coordinator</subfield>
  </datafield>
  <datafield tag="650" ind1=" " ind2=" ">
    <subfield code="a">technology project</subfield>
  </datafield>
  <datafield tag="700" ind1=" " ind2=" ">
    <subfield code="a"> Jackson, Susan E. </subfield>
  </datafield>
  <datafield tag="700" ind1=" " ind2=" ">
    <subfield code="a"> Hellriegel, Don</subfield>
  </datafield>
  <datafield tag="942" ind1=" " ind2=" ">
    <subfield code="c">BK</subfield>
  </datafield>
  <datafield tag="999" ind1=" " ind2=" ">
    <subfield code="c">11273</subfield>
    <subfield code="d">11273</subfield>
  </datafield>
  <datafield tag="952" ind1=" " ind2=" ">
    <subfield code="0">0</subfield>
    <subfield code="1">0</subfield>
    <subfield code="4">0</subfield>
    <subfield code="7">0</subfield>
    <subfield code="a">MU002</subfield>
    <subfield code="b">MU002</subfield>
    <subfield code="d">2010-09-01</subfield>
    <subfield code="e">Jelsa tz ltd</subfield>
    <subfield code="l">0</subfield>
    <subfield code="o">658 SLO</subfield>
    <subfield code="p">004103</subfield>
    <subfield code="r">2025-09-26 13:51:56</subfield>
    <subfield code="t">1</subfield>
    <subfield code="w">2025-09-26</subfield>
    <subfield code="y">BK</subfield>
  </datafield>
  <datafield tag="952" ind1=" " ind2=" ">
    <subfield code="0">0</subfield>
    <subfield code="1">0</subfield>
    <subfield code="4">0</subfield>
    <subfield code="7">0</subfield>
    <subfield code="a">MU002</subfield>
    <subfield code="b">MU002</subfield>
    <subfield code="d">2010-09-01</subfield>
    <subfield code="e">Jelsa tz ltd</subfield>
    <subfield code="l">0</subfield>
    <subfield code="o">658 SLO</subfield>
    <subfield code="p">004104</subfield>
    <subfield code="r">2025-09-26 13:51:56</subfield>
    <subfield code="t">2</subfield>
    <subfield code="w">2025-09-26</subfield>
    <subfield code="y">BK</subfield>
  </datafield>
</record>
